[Event "4NCL/Div3/E2E42 vs. BRI2"]
[Site "Hinckley Island ENG"]
[Date "2010.02.20"]
[Round "5.5"]
[White "Wilke, Chris"]
[Black "Humphreys, Jerry G"]
[Result "1/2-1/2"]
[WhiteElo "1933"]
[BlackElo "2082"]
[PlyCount "85"]
[EventDate "2010.02.20"]
[SourceDate "2009.10.24"]

1. d4 Nf6 2. c4 g6 3. g3 c6 4. Bg2 d5 5. cxd5 cxd5 6. Nf3 Bg7 7. O-O O-O 8. Nc3
e6 9. Bd2 Nc6 10. e3 Qd6 11. Qe2 Re8 12. Rfd1 Bd7 13. Nb5 Qb8 14. Rac1 a6 15.
Nc3 e5 16. dxe5 Nxe5 17. Nd4 Qd6 18. h3 Rac8 19. Nb1 Ne4 20. Bc3 Nxc3 21. Nxc3
Be6 22. Nb3 Red8 23. Nxd5 Rxc1 24. Nxc1 Qc5 25. Nb3 Qf8 26. e4 b5 27. Nd4 Bxd5
28. exd5 Re8 29. Qc2 Qd6 30. Nc6 Kf8 31. Nxe5 Bxe5 32. b3 Rd8 33. Rc1 Kg7 34.
Qe4 Qe7 35. Rc6 Rd6 36. Kf1 Bf6 37. Qc2 Qe5 38. Qc1 Be7 39. Rc2 Bf6 40. f4 Qd4
41. Qd2 Qxd2 42. Rxd2 Kf8 43. Ke2 1/2-1/2

[Event "4NCL/Div3/E2E42 vs. BRI2"]
[Site "Hinckley Island ENG"]
[Date "2010.02.20"]
[Round "5.6"]
[White "Stewart, Joseph"]
[Black "Hewitt, Sean D"]
[Result "1-0"]
[WhiteElo "1994"]
[BlackElo "1951"]
[PlyCount "51"]
[EventDate "2010.02.20"]
[SourceDate "2009.10.24"]

1. e4 e5 2. Nf3 Nc6 3. Bb5 a6 4. Ba4 Nf6 5. O-O Be7 6. Re1 b5 7. Bb3 d6 8. h3
Na5 9. c3 Nxb3 10. axb3 c5 11. d3 O-O 12. c4 Rb8 13. Nc3 b4 14. Ne2 Ne8 15. Ng3
a5 16. Nh2 Ra8 17. Nhf1 Nc7 18. Nf5 Bg5 19. Bxg5 Qxg5 20. Qd2 Qf6 21. N1g3 g6
22. Qh6 Bxf5 23. Nh5 Qh8 24. exf5 Ne8 25. Re3 Ng7 26. Nf6# 1-0

[Event "4NCL/Div3/HACK vs. SSC"]
[Site "Hinckley Island ENG"]
[Date "2010.02.20"]
[Round "5.1"]
[White "Reid, John"]
[Black "Graham, David B"]
[Result "0-1"]
[WhiteElo "2266"]
[BlackElo "2207"]
[PlyCount "80"]
[EventDate "2010.02.20"]
[SourceDate "2009.10.24"]

1. d4 Nf6 2. c4 g6 3. Nc3 Bg7 4. e4 d6 5. Nge2 O-O 6. f3 e5 7. Bg5 h6 8. Be3
Nbd7 9. Qd2 Kh7 10. O-O-O c6 11. d5 c5 12. g4 a6 13. g5 hxg5 14. Bxg5 b5 15. h4
Qa5 16. Ng3 Nh5 17. Nxh5 gxh5 18. Rg1 b4 19. Nb1 f6 20. Be3 Rf7 21. Bh3 Nf8 22.
Bf5+ Bxf5 23. exf5 Qxa2 24. Qe2 a5 25. f4 Re8 26. Qxh5+ Kg8 27. Nd2 a4 28.
Rxg7+ Rxg7 29. Qxe8 a3 30. Kc2 Qxb2+ 31. Kd3 Qc3+ 32. Ke2 Rg3 33. Nf1 Qxc4+ 34.
Kf2 Rg7 35. Ng3 exf4 36. Ne4 fxe3+ 37. Kxe3 Qb3+ 38. Rd3 Qb2 39. Rc3 Rf7 40.
Rd3 a2 0-1

[Event "4NCL/Div3/HACK vs. SSC"]
[Site "Hinckley Island ENG"]
[Date "2010.02.20"]
[Round "5.2"]
[White "Norton, David"]
[Black "Chin, Francis CW"]
[Result "0-1"]
[WhiteElo "2106"]
[BlackElo "2223"]
[PlyCount "65"]
[EventDate "2010.02.20"]
[SourceDate "2009.10.24"]

1. Nf3 d5 2. c4 c6 3. g3 Nf6 4. Bg2 Bf5 5. cxd5 cxd5 6. Qb3 b6 7. Nc3 Nc6 8.
O-O e6 9. Qa4 Qd7 10. d3 Bg6 11. Bg5 Be7 12. e4 Rc8 13. Rac1 O-O 14. e5 Ne8 15.
Bxe7 Qxe7 16. Nxd5 exd5 17. Rxc6 Rxc6 18. Qxc6 Bxd3 19. Re1 Be4 20. Rc1 g6 21.
a3 Ng7 22. Qc7 Re8 23. h4 Ne6 24. Qd6 Nc5 25. b4 Nd3 26. Rc7 Qe6 27. Rxa7 Nxe5
28. Qxe5 Qxe5 29. Nxe5 Rxe5 30. Rb7 Re6 31. Bf1 Kg7 32. a4 Bf3 33. Kh2 {
scoresheets illegible} 0-1

[Event "4NCL/Div3/HACK vs. SSC"]
[Site "Hinckley Island ENG"]
[Date "2010.02.20"]
[Round "5.3"]
[White "Hughes, Charles"]
[Black "Grant, David J"]
[Result "0-1"]
[WhiteElo "2050"]
[BlackElo "2020"]
[PlyCount "68"]
[EventDate "2010.02.20"]
[SourceDate "2009.10.24"]

1. e4 c5 2. Nc3 Nc6 3. f4 g6 4. Nf3 Bg7 5. Bb5 Nd4 6. O-O a6 7. Be2 b5 8. Nxd4
Bxd4+ 9. Kh1 Bb7 10. d3 b4 11. Nb1 Bg7 12. f5 Nf6 13. e5 Nd5 14. d4 O-O 15. c4
bxc3 16. bxc3 cxd4 17. cxd4 d6 18. f6 exf6 19. exd6 Re8 20. Bf3 Qxd6 21. Ba3
Qd7 22. Bxd5 Qxd5 23. Rg1 f5 24. Bc5 Rad8 25. Nc3 Qc4 26. Qb3 Qxb3 27. axb3
Bxd4 28. Bxd4 Rxd4 29. Na4 Re5 30. b4 Rxb4 31. Rgc1 Re2 32. Rg1 Rg4 33. Nc5
Bxg2+ 34. Rxg2 Rgxg2 0-1

[Event "4NCL/Div3/HACK vs. SSC"]
[Site "Hinckley Island ENG"]
[Date "2010.02.20"]
[Round "5.4"]
[White "Yates, Christopher"]
[Black "Tasker, Michael W"]
[Result "0-1"]
[WhiteElo "1850"]
[BlackElo "2081"]
[PlyCount "84"]
[EventDate "2010.02.20"]
[SourceDate "2009.10.24"]

1. d4 Nf6 2. c4 g6 3. Nc3 Bg7 4. e4 d6 5. Be2 O-O 6. f4 c5 7. Nf3 cxd4 8. Nxd4
Nc6 9. Be3 Bd7 10. O-O Rc8 11. Rc1 a6 12. b3 Re8 13. Bf3 Qa5 14. h3 Red8 15.
Qd2 Nxd4 16. Bxd4 Be6 17. Qf2 Nd7 18. Bxg7 Kxg7 19. Nd5 Bxd5 20. exd5 Qc5 21.
Rce1 Re8 22. Bg4 Rc7 23. Qxc5 Nxc5 24. f5 Nd3 25. Re3 Ne5 26. Be2 Rb8 27. Re4
b5 28. g4 g5 29. Re1 bxc4 30. Bxc4 Nf3+ 31. Kf2 Nxe1 32. Rxe1 Kf6 33. Kf3 h5
34. Kg3 hxg4 35. hxg4 Rh8 36. a3 a5 37. a4 Rh4 38. Rg1 Rc8 39. Kf3 Rh3+ 40. Rg3
Rxg3+ 41. Kxg3 Ke5 42. Kf3 Kd4 0-1

[Event "4NCL/Div3/HACK vs. SSC"]
[Site "Hinckley Island ENG"]
[Date "2010.02.20"]
[Round "5.5"]
[White "Vives, Pepe"]
[Black "Woods, Timothy J"]
[Result "1/2-1/2"]
[WhiteElo "1938"]
[BlackElo "1810"]
[PlyCount "58"]
[EventDate "2010.02.20"]
[SourceDate "2009.10.24"]

1. e4 d6 2. d4 Nf6 3. Nc3 g6 4. Nf3 Bg7 5. Bc4 O-O 6. h3 Nxe4 7. Bxf7+ Rxf7 8.
Nxe4 h6 9. Be3 Qf8 10. Qd2 Nc6 11. Nh4 Kh7 12. g4 e5 13. d5 Ne7 14. O-O-O Bd7
15. Qd3 b5 16. Ng3 Bf6 17. g5 Bxg5 18. Bxg5 hxg5 19. Nxg6 Nxg6 20. h4 Bf5 21.
hxg5+ Kg8 22. Nxf5 Rxf5 23. Rh6 Qf7 24. Rdh1 Rxg5 25. Qh3 Qg7 26. Qe6+ Qf7 27.
Rh8+ Nxh8 28. Rxh8+ Kxh8 29. Qxf7 Rg7 {scoresheets illegible} 1/2-1/2

[Event "4NCL/Div3/HACK vs. SSC"]
[Site "Hinckley Island ENG"]
[Date "2010.02.20"]
[Round "5.6"]
[White "Aggarwal, Kumarsambhav"]
[Black "Shaw, Dashiell L"]
[Result "1-0"]
[WhiteElo "1786"]
[BlackElo "1899"]
[PlyCount "73"]
[EventDate "2010.02.20"]
[SourceDate "2009.10.24"]

1. d4 Nf6 2. c4 g6 3. Nc3 Bg7 4. e4 d6 5. f3 O-O 6. Be3 b6 7. Qd2 c5 8. d5 e6
9. Be2 exd5 10. cxd5 Na6 11. g4 Nc7 12. a4 a6 13. h4 h5 14. g5 Nd7 15. Nh3 Rb8
16. Nf2 b5 17. axb5 Nxb5 18. Nxb5 axb5 19. f4 Nb6 20. O-O Nc4 21. Bxc4 bxc4 22.
Nd1 Bg4 23. Nc3 Qd7 24. Qc2 Bh3 25. Rf2 Qg4+ 26. Kh1 Qxh4 27. Rh2 Qg3 28. Qe2
Bg4 29. Rg1 Qxg1+ 30. Kxg1 Bxe2 31. Rxe2 Bd4 32. Kf2 Bxe3+ 33. Kxe3 Rb3 34. Kf2
Rfb8 35. Nd1 Kf8 36. e5 Ke7 37. e6 1-0

[Event "4NCL/Div3/AMCAR vs. CAMB2"]
[Site "Hinckley Island ENG"]
[Date "2010.02.20"]
[Round "5.1"]
[White "McLaughlin, Noel S"]
[Black "Tyomkin, Mykhaylo"]
[Result "1-0"]
[WhiteElo "2022"]
[BlackElo "2120"]
[PlyCount "65"]
[EventDate "2010.02.20"]
[SourceDate "2009.10.24"]

1. Nf3 Nf6 2. c4 g6 3. b4 Bg7 4. Bb2 O-O 5. g3 c6 6. Bg2 d6 7. O-O Nbd7 8. d3
Re8 9. Nbd2 e5 10. Rc1 h6 11. Nb3 Qb6 12. c5 Qxb4 13. Rc4 Qb5 14. a4 Qa6 15.
cxd6 e4 16. Nfd4 exd3 17. exd3 Ne5 18. Nc5 Qb6 19. Rc2 Qd8 20. Nde6 Bxe6 21.
Bxe5 Bd5 22. Nxb7 Qc8 23. Bxf6 Qxb7 24. Bxd5 cxd5 25. Bxg7 Kxg7 26. Rc7 Qb4 27.
Qf3 Rf8 28. Qxd5 Qxa4 29. Qe5+ Kg8 30. Ra1 Rfe8 31. Rxa4 Rxe5 32. d7 Rf8 33.
Rd4 1-0

[Event "4NCL/Div3/AMCAR vs. CAMB2"]
[Site "Hinckley Island ENG"]
[Date "2010.02.20"]
[Round "5.2"]
[White "Spencer, Carl J"]
[Black "Tart, Peter K"]
[Result "1-0"]
[WhiteElo "2136"]
[BlackElo "2078"]
[PlyCount "85"]
[EventDate "2010.02.20"]
[SourceDate "2009.10.24"]

1. e4 e5 2. Nf3 d5 3. exd5 Bd6 4. Nc3 Nf6 5. Bc4 e4 6. Ng5 O-O 7. O-O Bxh2+ 8.
Kxh2 Ng4+ 9. Kg1 Qd6 10. f4 exf3 11. Nxf3 Qc5+ 12. d4 Qxc4 13. Qe1 Nd7 14. b3
Qa6 15. Bf4 Ndf6 16. Qh4 Qa5 17. Bd2 Ne3 18. Ne4 Qxd5 19. Nxf6+ gxf6 20. Bxe3
Re8 21. Bh6 Qd6 22. c4 c5 23. dxc5 Qxc5+ 24. Kh1 Qf5 25. Rae1 Rxe1 26. Rxe1 Bd7
27. Re4 Qg6 28. Rf4 Re8 29. Rxf6 Qg4 30. Qxg4+ Bxg4 31. Rf4 f5 32. Nd4 Kf7 33.
Rf2 Re4 34. Nb5 Re1+ 35. Kh2 Kg6 36. Bf4 a5 37. Nd6 b6 38. Nc8 Re6 39. Rd2 a4
40. Rd6 Rxd6 41. Bxd6 axb3 42. axb3 Bd1 43. b4 1-0

[Event "4NCL/Div3/AMCAR vs. CAMB2"]
[Site "Hinckley Island ENG"]
[Date "2010.02.20"]
[Round "5.3"]
[White "Tunstall, George S"]
[Black "Chan, Nevil"]
[Result "1/2-1/2"]
[WhiteElo "1947"]
[BlackElo "2098"]
[PlyCount "86"]
[EventDate "2010.02.20"]
[SourceDate "2009.10.24"]

1. d4 Nc6 2. c4 e5 3. d5 Nce7 4. e4 Ng6 5. Nc3 Nf6 6. h4 h5 7. Bg5 Be7 8. Qd2
d6 9. Bd3 c6 10. Nge2 Qc7 11. f3 Bd7 12. Rc1 Nh7 13. Bxe7 Nxe7 14. f4 Ng6 15.
f5 Ne7 16. O-O Ng8 17. b4 c5 18. bxc5 Qxc5+ 19. Kh1 Ngf6 20. Rb1 b6 21. Nc1 Ng4
22. Nd1 Ba4 23. Nb3 Qc7 24. Nc3 Bd7 25. Nb5 Bxb5 26. cxb5 O-O 27. Rbc1 Qe7 28.
g3 Rfd8 29. Rc6 Nf8 30. Be2 Nf6 31. Bf3 Rd7 32. Rfc1 Rad8 33. a4 Kh7 34. Qe3
Rb7 35. Be2 N8d7 36. R6c4 Nc5 37. Nxc5 bxc5 38. Ra1 g6 39. fxg6+ fxg6 40. Rcc1
Rf8 41. Rf1 Qd8 42. Kg2 Rbf7 43. Qd3 Qa5 1/2-1/2

[Event "4NCL/Div3/AMCAR vs. CAMB2"]
[Site "Hinckley Island ENG"]
[Date "2010.02.20"]
[Round "5.4"]
[White "Campbell, Mark C"]
[Black "Marley, Andrew"]
[Result "1-0"]
[WhiteElo "1986"]
[BlackElo "1928"]
[PlyCount "43"]
[EventDate "2010.02.20"]
[SourceDate "2009.10.24"]

1. e4 c5 2. Nf3 Nc6 3. d4 cxd4 4. Nxd4 Nf6 5. Nc3 e5 6. Ndb5 d6 7. Bg5 a6 8.
Bxf6 gxf6 9. Na3 f5 10. Bd3 Bg7 11. Nd5 Be6 12. c3 Ne7 13. Nxe7 Qxe7 14. exf5
Bd7 15. Be4 Bc6 16. Qf3 Bxe4 17. Qxe4 d5 18. Qxd5 Rd8 19. Qe4 O-O 20. O-O Rd6
21. Nc4 Rh6 22. g3 1-0

[Event "4NCL/Div3/AMCAR vs. CAMB2"]
[Site "Hinckley Island ENG"]
[Date "2010.02.20"]
[Round "5.5"]
[White "Malhotra, Tarun"]
[Black "Lee, Richard WY"]
[Result "0-1"]
[WhiteElo "1768"]
[BlackElo "2058"]
[PlyCount "120"]
[EventDate "2010.02.20"]
[SourceDate "2009.10.24"]

1. e4 c5 2. Nf3 d6 3. d4 cxd4 4. Nxd4 Nf6 5. Nc3 a6 6. Be2 e6 7. Be3 Be7 8. O-O
O-O 9. a4 Nc6 10. Kh1 Qc7 11. f4 Re8 12. Bf3 Bd7 13. Qe2 Nxd4 14. Bxd4 e5 15.
Be3 Be6 16. Qf2 exf4 17. Bxf4 Nd7 18. Nd5 Bxd5 19. exd5 Bf6 20. c3 Nc5 21. Qg3
Be5 22. Bh5 g6 23. Bf3 Nd3 24. Bxe5 Rxe5 25. Rab1 Rae8 26. h3 Qc4 27. Qg4 Qxg4
28. hxg4 g5 29. b4 b6 30. Rb3 Re3 31. Kh2 Ne5 32. Bd1 Kg7 33. Rf2 h6 34. Rc2
Re1 35. Bf3 Nc4 36. a5 b5 37. Kg3 R8e5 38. Kf2 Kf6 39. Re2 Rc1 40. Rxe5 Kxe5
41. Kg3 Nd2 42. Rb2 Nxf3 43. gxf3 Rxc3 44. Re2+ Kxd5 45. Re7 Rc6 46. Re1 Rc4
47. Re7 Rxb4 48. Ra7 Ra4 49. Rxa6 b4 50. Ra7 b3 51. a6 Kd4 52. Ra8 b2 53. Rb8
Kc3 54. Rc8+ Kb3 55. a7 Rxa7 56. Rb8+ Ka2 57. f4 Ra3+ 58. Kg2 gxf4 59. g5 hxg5
60. Kf2 b1=Q 0-1

[Event "4NCL/Div3/AMCAR vs. CAMB2"]
[Site "Hinckley Island ENG"]
[Date "2010.02.20"]
[Round "5.6"]
[White "Kourtseva, Julie"]
[Black "Pritchard, Abigail"]
[Result "1-0"]
[WhiteElo "1706"]
[BlackElo "1592"]
[PlyCount "85"]
[EventDate "2010.02.20"]
[SourceDate "2009.10.24"]

1. c4 Nf6 2. Nc3 g6 3. g3 Bg7 4. Bg2 O-O 5. Nf3 d6 6. Rb1 a5 7. O-O Nc6 8. a3
e5 9. d3 Ne8 10. b4 f5 11. Qb3 Kh8 12. e3 h6 13. Nh4 Qf6 14. Nd5 Qf7 15. b5 g5
16. bxc6 bxc6 17. Ng6+ Qxg6 18. Ne7 Qf6 19. Nxc8 Rxc8 20. Bxc6 f4 21. exf4 gxf4
22. f3 fxg3 23. hxg3 Qg6 24. Kg2 Nf6 25. Be4 Nxe4 26. dxe4 Rg8 27. Rh1 Bf8 28.
Rh3 Re8 29. Bd2 Re7 30. Rbh1 Rh7 31. Qc3 Bg7 32. Qxa5 c5 33. Qc3 Ra8 34. Qc1
Rg8 35. g4 Qf7 36. Bxh6 Bxh6 37. Rxh6 Rgg7 38. R1h3 Rxh6 39. Rxh6+ Rh7 40. Qh1
Rxh6 41. Qxh6+ Kg8 42. Qxd6 Qxc4 43. Qd5+ 1-0

[Event "4NCL/Div3/AMCAH vs. CELT2"]
[Site "Hinckley Island ENG"]
[Date "2010.02.20"]
[Round "5.1"]
[White "Upham, John E"]
[Black "Fathallah, Joe"]
[Result "0-1"]
[WhiteElo "1658"]
[BlackElo "1951"]
[PlyCount "68"]
[EventDate "2010.02.20"]
[SourceDate "2009.10.24"]

1. d4 f5 2. Bg5 h6 3. Bh4 g5 4. e3 Nf6 5. Bg3 Bg7 6. Bd3 d6 7. h4 g4 8. Ne2 Nc6
9. Nf4 O-O 10. h5 e5 11. Ng6 Re8 12. dxe5 Nxe5 13. Nf4 Qe7 14. Nc3 c6 15. Qd2
Bd7 16. O-O-O b5 17. Ng6 Nxg6 18. Bxd6 Qxd6 19. Bc4+ Nd5 20. Bxd5+ cxd5 21.
hxg6 Rac8 22. Qxd5+ Qxd5 23. Nxd5 Bc6 24. Nf4 Be4 25. Rd2 Rc6 26. Kd1 b4 27.
Ke2 Rec8 28. f3 Bxc2 29. b3 a5 30. Nd5 Kf8 31. Kf2 Rxg6 32. fxg4 Rxg4 33. Nf4
Be4 34. Rd7 Rc2+ 0-1

[Event "4NCL/Div3/AMCAH vs. CELT2"]
[Site "Hinckley Island ENG"]
[Date "2010.02.20"]
[Round "5.2"]
[White "Wagner, Guy"]
[Black "Dixit, Kumar"]
[Result "1-0"]
[WhiteElo "1930"]
[BlackElo "1450"]
[PlyCount "43"]
[EventDate "2010.02.20"]
[SourceDate "2009.10.24"]

1. Nf3 c6 2. c4 Nf6 3. g3 d5 4. Bg2 Qc7 5. d4 dxc4 6. O-O Bf5 7. Ne5 b5 8. b3
cxb3 9. Qxb3 e6 10. Nc3 a6 11. Bf4 Bd6 12. e4 Bxe5 13. Bxe5 Qd7 14. exf5 exf5
15. Bxf6 gxf6 16. Rfe1+ Kd8 17. a4 Kc8 18. axb5 Rd8 19. bxc6 Nxc6 20. Bxc6 Qxc6
21. d5 Kd7 22. Rec1 1-0

[Event "4NCL/Div3/AMCAH vs. CELT2"]
[Site "Hinckley Island ENG"]
[Date "2010.02.20"]
[Round "5.3"]
[White "Coates, Christine"]
[Black "Ryan, John"]
[Result "1-0"]
[WhiteElo "1458"]
[BlackElo "1920"]
[PlyCount "103"]
[EventDate "2010.02.20"]
[SourceDate "2009.10.24"]

1. d4 d5 2. Nf3 Nf6 3. Bf4 e6 4. e3 Be7 5. Bd3 b6 6. Nbd2 Bb7 7. h3 h6 8. O-O
Nbd7 9. Ne5 Nxe5 10. Bxe5 Bd6 11. Bxd6 Qxd6 12. c3 O-O 13. Re1 Rae8 14. Qc2 e5
15. dxe5 Rxe5 16. Nf3 Re7 17. Rad1 c5 18. Be2 Qc7 19. Qc1 Ne4 20. Nd2 f5 21. c4
Nxd2 22. Rxd2 dxc4 23. Bxc4+ Kh8 24. Red1 Ree8 25. Qc3 Re7 26. Rd6 Kh7 27. Qd2
a5 28. Bb5 Rb8 29. Rd7 Rxd7 30. Qxd7 Qxd7 31. Rxd7 Bc8 32. Rd8 Kg6 33. Bd7 Kf6
34. Bxc8 Ke7 35. Rd7+ Ke8 36. Rxg7 Rxc8 37. Rg8+ Kd7 38. Rg6 Rc6 39. Rxc6 Kxc6
40. Kf1 Kd5 41. Ke2 Kc4 42. Kd2 a4 43. g4 fxg4 44. hxg4 b5 45. f4 Kd5 46. g5
hxg5 47. fxg5 Ke6 48. Kd3 Kf5 49. g6 Kxg6 50. Ke4 Kf6 51. Kd5 c4 52. Kc5 1-0

[Event "4NCL/Div3/BRI3 vs. OXF2"]
[Site "Hinckley Island ENG"]
[Date "2010.02.20"]
[Round "5.1"]
[White "Bromilow, Edward T"]
[Black "Dickinson, Tim R"]
[Result "1-0"]
[WhiteElo "1922"]
[BlackElo "2151"]
[PlyCount "51"]
[EventDate "2010.02.20"]
[SourceDate "2009.10.24"]

1. d4 c5 2. e3 cxd4 3. exd4 d5 4. Bd3 Nf6 5. b3 Bg4 6. Nf3 Nc6 7. Bb2 e6 8. O-O
Bd6 9. c4 O-O 10. Nc3 Nxd4 11. Bxh7+ Kxh7 12. Ng5+ Kg6 13. Qxd4 Kxg5 14. h3 Bf5
15. g4 Be4 16. Nxe4+ dxe4 17. f4+ Bxf4 18. Qc5+ Kh4 19. Kg2 Qd2+ 20. Rf2 Qd3
21. Bxf6+ g5 22. Rh1 Qg3+ 23. Kf1 Rad8 24. Bd4 b6 25. Rxf4 Qxf4+ 26. Bf2+ 1-0

[Event "4NCL/Div3/BRI3 vs. OXF2"]
[Site "Hinckley Island ENG"]
[Date "2010.02.20"]
[Round "5.2"]
[White "Burt, William"]
[Black "White, Martin"]
[Result "0-1"]
[WhiteElo "2162"]
[BlackElo "1914"]
[PlyCount "60"]
[EventDate "2010.02.20"]
[SourceDate "2009.10.24"]

1. e4 c5 2. Nf3 g6 3. d4 cxd4 4. Qxd4 Nf6 5. Nc3 Nc6 6. Qe3 d6 7. Bc4 Bg7 8.
O-O O-O 9. h3 Nd7 10. Bb3 Nc5 11. Rd1 Nxb3 12. axb3 Bd7 13. Qf4 Rc8 14. Qh4 f6
15. e5 dxe5 16. Bh6 Qe8 17. Ra4 Bf5 18. Ne4 Rd8 19. Rxd8 Qxd8 20. Bd2 Bxe4 21.
Qxe4 Qd6 22. Be3 a6 23. Rc4 Rd8 24. Rc3 f5 25. Qh4 e4 26. Ng5 h6 27. Nxe4 fxe4
28. Rc4 Qe5 29. Bf4 Qf5 30. Kf1 g5 0-1

[Event "4NCL/Div3/BRI3 vs. OXF2"]
[Site "Hinckley Island ENG"]
[Date "2010.02.20"]
[Round "5.3"]
[White "Dunlop, Neil J"]
[Black "Duggan, Christopher"]
[Result "0-1"]
[WhiteElo "1802"]
[BlackElo "2031"]
[PlyCount "145"]
[EventDate "2010.02.20"]
[SourceDate "2009.10.24"]

1. e4 c5 2. Nc3 Nc6 3. g3 g6 4. Bg2 Bg7 5. d3 e6 6. Be3 Nd4 7. Qd2 Rb8 8. Nd1
Qe7 9. c3 Nc6 10. Ne2 e5 11. O-O d6 12. f4 f5 13. Nf2 Nf6 14. fxe5 dxe5 15. Bh6
O-O 16. Bxg7 Kxg7 17. Qe3 Be6 18. b3 Rbd8 19. exf5 Bxf5 20. Bxc6 bxc6 21. Rad1
Nd5 22. Qc1 e4 23. dxe4 Bxe4 24. c4 Nf6 25. Nxe4 Qxe4 26. Nf4 Rxd1 27. Rxd1 Re8
28. Qd2 Qe5 29. Kf1 Qe4 30. Kg1 Qe5 31. Kf1 Qe4 32. Kg1 Re7 33. h3 Qe5 34. Qf2
Ne4 35. Qe3 Qf6 36. Re1 Qb2 37. Qf3 Qxa2 38. Re2 Qa1+ 39. Kg2 Qd4 40. h4 Re8
41. Qe3 Qxe3 42. Rxe3 Kf6 43. Re2 Ke5 44. Nd3+ Kd4 45. Nf2 Nf6 46. Rd2+ Kc3 47.
Rd6 Ne4 48. Rxc6 Kxb3 49. Nxe4 Rxe4 50. Rxc5 Rxc4 51. Ra5 Rc7 52. Kf3 Re7 53.
Kg4 Kb4 54. Ra6 Kb5 55. Ra1 a5 56. Kg5 Rf7 57. g4 a4 58. h5 gxh5 59. gxh5 Kb4
60. Kh6 a3 61. Rg1 Ra7 62. Rg4+ Kc5 63. Rg2 Kd4 64. Ra2 Kd3 65. Ra1 a2 66. Rd1+
Kc2 67. Re1 a1=Q 68. Rxa1 Rxa1 69. Kxh7 Kd3 70. h6 Ke4 71. Kg8 Kf5 72. h7 Kg6
73. h8=N+ 0-1

[Event "4NCL/Div3/BRI3 vs. OXF2"]
[Site "Hinckley Island ENG"]
[Date "2010.02.20"]
[Round "5.4"]
[White "Scott, David A"]
[Black "Thompson, Robert"]
[Result "1/2-1/2"]
[WhiteElo "2058"]
[BlackElo "1863"]
[PlyCount "81"]
[EventDate "2010.02.20"]
[SourceDate "2009.10.24"]

1. d4 Nf6 2. c4 g6 3. Nc3 Bg7 4. Nf3 O-O 5. Bg5 d6 6. e3 c5 7. d5 Qa5 8. Nd2 a6
9. Bd3 e6 10. O-O exd5 11. cxd5 b5 12. e4 Nbd7 13. f4 Qb6 14. Kh1 Re8 15. Qf3
Bb7 16. Rae1 c4 17. Bb1 b4 18. Nxc4 Qc5 19. Nxd6 Qxd6 20. e5 Bxd5 21. Nxd5 Qxd5
22. exf6 Qxf3 23. gxf3 Nxf6 24. f5 Rac8 25. fxg6 hxg6 26. Bd3 a5 27. Rxe8+ Rxe8
28. Bc4 Re5 29. Bf4 Rc5 30. b3 Nd5 31. Bd2 Bc3 32. Bh6 Nb6 33. Be3 Rc6 34. Bxb6
Rxb6 35. Rd1 Rf6 36. Rd8+ Kg7 37. Kg2 Rf5 38. Rd7 Be5 39. Rd5 Rg5+ 40. Kf2 Bf4
41. Rxg5 1/2-1/2

[Event "4NCL/Div3/BRI3 vs. OXF2"]
[Site "Hinckley Island ENG"]
[Date "2010.02.20"]
[Round "5.5"]
[White "Woolgar, Steven G"]
[Black "Jackson, Gary"]
[Result "1-0"]
[WhiteElo "1698"]
[BlackElo "2034"]
[PlyCount "119"]
[EventDate "2010.02.20"]
[SourceDate "2009.10.24"]

1. c4 c5 2. Nc3 g6 3. Nf3 Bg7 4. g3 Nf6 5. Bg2 O-O 6. d3 Nc6 7. Rb1 d6 8. a3 a5
9. Bd2 Bd7 10. Qc1 a4 11. O-O Na5 12. Qc2 Nb3 13. Rfe1 Ne8 14. e4 Nc7 15. Ne2
Rb8 16. Bc3 b5 17. Bxg7 Kxg7 18. Nc1 Nxc1 19. Rexc1 b4 20. axb4 Rxb4 21. d4 Qb8
22. dxc5 dxc5 23. Ne5 Be8 24. Nd3 Rb6 25. Nxc5 Qa7 26. Qc3+ Kg8 27. e5 Rb8 28.
Qa3 Ne6 29. b4 Nxc5 30. bxc5 Rc8 31. Rb7 Qxc5 32. Qxc5 Rxc5 33. Rxe7 Bb5 34.
Bd5 Be8 35. Rb1 Ra5 36. Ra1 Rc5 37. e6 fxe6 38. Bxe6+ Kh8 39. Rb1 Bc6 40. Bd5
Bxd5 41. cxd5 Rxd5 42. Ra7 Rd4 43. Rbb7 Rfd8 44. Rxh7+ Kg8 45. Rhg7+ Kf8 46.
Rxg6 Rd1+ 47. Kg2 Ra1 48. Rga6 Rd4 49. h4 Ra2 50. h5 Rdd2 51. Rf6+ Kg8 52. h6
Rd8 53. Rf4 a3 54. g4 Ra1 55. g5 a2 56. g6 Kh8 57. Rff7 Rad1 58. Rh7+ Kg8 59.
Rag7+ Kf8 60. Rh8# 1-0

[Event "4NCL/Div3/BRI3 vs. OXF2"]
[Site "Hinckley Island ENG"]
[Date "2010.02.20"]
[Round "5.6"]
[White "Ludbrook, Matthew"]
[Black "Woodruff, David G"]
[Result "1-0"]
[WhiteElo "2011"]
[BlackElo "1666"]
[PlyCount "63"]
[EventDate "2010.02.20"]
[SourceDate "2009.10.24"]

1. e4 d6 2. Nc3 Nf6 3. d3 g6 4. g3 Bg7 5. Bg2 O-O 6. Be3 Nc6 7. h3 Nd7 8. Qd2
Nd4 9. Nd1 c5 10. c3 Nc6 11. f4 e6 12. Ne2 Ne7 13. g4 f5 14. Bf2 Rb8 15. Ne3 b5
16. Bh4 Bf6 17. Bxf6 Nxf6 18. O-O Bb7 19. Ng3 fxe4 20. dxe4 Qb6 21. f5 exf5 22.
gxf5 gxf5 23. Nexf5 Nxf5 24. Nxf5 Qc7 25. Nxd6 Ba6 26. e5 Ne8 27. Rxf8+ Kxf8
28. Rf1+ Kg8 29. Bd5+ Kh8 30. Rf7 Qd8 31. Rf8+ Kg7 32. Rg8# 1-0

[Event "4NCL/Div3/OXF3 vs. GLOSG"]
[Site "Hinckley Island ENG"]
[Date "2010.02.20"]
[Round "5.1"]
[White "Vikanis, Georgs"]
[Black "Hosken, Nigel K"]
[Result "1/2-1/2"]
[WhiteElo "1930"]
[BlackElo "2109"]
[PlyCount "122"]
[EventDate "2010.02.20"]
[SourceDate "2009.10.24"]

1. Nf3 Nf6 2. b3 g6 3. Bb2 Bg7 4. e4 d6 5. d3 O-O 6. Be2 c5 7. Nbd2 Nc6 8. O-O
e5 9. Ne1 d5 10. f4 dxe4 11. fxe5 Nd5 12. Nc4 exd3 13. Qxd3 Be6 14. Qg3 Qe7 15.
Nd3 Rad8 16. Kh1 Ndb4 17. Nxb4 Nxb4 18. Nd6 Nxc2 19. Rac1 Nd4 20. Rxc5 Nxe2 21.
Qf3 b6 22. Rc2 f6 23. Qxe2 fxe5 24. Rxf8+ Rxf8 25. Nc4 Bxc4 26. Rxc4 e4 27.
Bxg7 Kxg7 28. h3 e3 29. Rc3 Re8 30. Rd3 Qe5 31. Kg1 Re7 32. Kh1 a5 33. Kg1 Kh6
34. Kh1 Qf4 35. Kg1 Re6 36. Rd1 Rc6 37. Re1 Rc3 38. Rf1 Qe4 39. Re1 Qe5 40. Qf3
b5 41. Qf8+ Kg5 42. Qf3 b4 43. Qg4+ Kh6 44. Qf3 Qd4 45. Qf8+ Kg5 46. Qe7+ Kh6
47. Qf8+ Qg7 48. Qf4+ g5 49. Qe4 Qg6 50. Rxe3 Qxe4 51. Rxe4 Rc2 52. a3 bxa3 53.
Ra4 a2 54. Kh2 Kh5 55. Rxa5 Kh4 56. b4 h5 57. b5 g4 58. Ra4 Rb2 59. b6 Rb4 60.
g3+ Kg5 61. Rxa2 Rxb6 1/2-1/2

[Event "4NCL/Div3/OXF3 vs. GLOSG"]
[Site "Hinckley Island ENG"]
[Date "2010.02.20"]
[Round "5.2"]
[White "Lambourne, Daniel M"]
[Black "Neatherway, A Philip"]
[Result "1-0"]
[WhiteElo "2001"]
[BlackElo "1922"]
[PlyCount "53"]
[EventDate "2010.02.20"]
[SourceDate "2009.10.24"]

1. d4 d5 2. Nf3 Nf6 3. c4 dxc4 4. Qa4+ c6 5. Qxc4 b5 6. Qc2 e6 7. e3 Bb7 8. Bd3
Nbd7 9. Nbd2 Be7 10. O-O O-O 11. Ng5 h6 12. Nge4 Qb6 13. Nb3 Nxe4 14. Bxe4 e5
15. Bd2 exd4 16. exd4 Bf6 17. Be3 Rac8 18. Bf5 Qc7 19. Qe2 Rcd8 20. Qg4 Nb6 21.
Bxh6 Bc8 22. Bf4 Bxf5 23. Qxf5 Qd7 24. Qxd7 Rxd7 25. Na5 Rxd4 26. Be3 Rd6 27.
Bc5 1-0

[Event "4NCL/Div3/OXF3 vs. GLOSG"]
[Site "Hinckley Island ENG"]
[Date "2010.02.20"]
[Round "5.3"]
[White "Terry, Sean"]
[Black "Martin, Peter"]
[Result "1-0"]
[WhiteElo "1867"]
[BlackElo "2066"]
[PlyCount "83"]
[EventDate "2010.02.20"]
[SourceDate "2009.10.24"]

1. d4 Nf6 2. Bg5 e6 3. e3 c5 4. c3 Qb6 5. Qc2 Nc6 6. Nf3 d5 7. Be2 Bd6 8. Nbd2
Bd7 9. dxc5 Qxc5 10. e4 Nxe4 11. Be3 Qa5 12. Nxe4 dxe4 13. Qxe4 Be7 14. b4 Qc7
15. O-O Bf6 16. Rac1 Ne7 17. Nd4 a6 18. c4 e5 19. Nb3 O-O 20. g4 Bc6 21. Qc2 g6
22. b5 Bd7 23. Qe4 Nc8 24. Rfd1 Rd8 25. Nc5 Rb8 26. bxa6 Bc6 27. Qc2 b6 28. Ne4
Be7 29. Rxd8+ Qxd8 30. Rd1 Qc7 31. f3 Ra8 32. c5 b5 33. Nd6 Rxa6 34. Nxb5 Qb7
35. Nd6 Bxd6 36. Bxa6 Qxa6 37. cxd6 Qb7 38. Kf2 Nb6 39. Bxb6 Qxb6+ 40. Kg2 Qb7
41. Qc3 f6 42. Qb3+ 1-0